1930 1444 1055 1941 1535 1135 1023 1555 1757 1610 1802 1027 1256 1364 1314 1744 1574 1565 1904 1198 1433 1422 1885 1233 1835 1954 1691 1542 1762 1290 1424 1319 1222 1627 1391 1564 1158 1280 1963 1686 1357 1433 1620 1996 1882 1457 1319 1304 1662 1667 1756 1876 1217 1959 1671 1978 1282 1076 1386 1283 1358 1574 1517 1219 1809 1231 1117 1479 1264 1515 1081 1964 1904 1266 1112 1558 1290 1148 1009 1988 1253 1382 1326 1706 1298 1526 1714 1744 1530 1908 1560 1114 1598 1658 1629 1425 1864 1252 1668 BCNSPRNW ULIB Ver.6.0+V

เปลี่ยนเป็นภาษาไทย

Change to English
 แสดงรายละเอียดบรรณานุกรม
  กลับหน้าหลัก

Brief Record : Get Marc (ISO 2709) : E-mail record : QR code < ปิดหน้าต่าง
LEADER : 00000nam 2200000uu 4500
001    13399126586
003     ULIB
008    020711s2561 th a 000 0 tha d
020    ^a9786164559059
050    ^aนว^bม145ด
100    ^aมนต์ภวัน
245    ^aดวงใจเหมรัฐ/^cมนต์ภวัน
260    ^aกรุงเทพฯ :^bกัญณศมนต์ กะมุทา,^c2561
300    ^a479 หน้า;^b25 ซม.
650    ^aนวนิยาย
945    ^p385^l0^i004781
999    ^aประนอม เกษจรัล
รายการนี้ยังไม่มีแท็ก
คุณยังไม่ได้ล็อกอิน คุณสามารถมีกิจกรรมร่วมกับเว็บไซต์ได้ แต่ต้องล็อกอินก่อน ::
  ล็อกอิน

รายการสื่อสารสนเทศ

ลำดับที่ ประเภท เลขเรียก/บาร์โค้ด สถานที่ สถานะ
1. นวนิยาย
นวนิยาย
นว ม145ด ฉ.1 
  Barcode: 004781
ห้องสมุดวิทยาเขตสวรรค์ประชารักษ์
►นวนิยาย
บนชั้น
  ขอยืม

รายการใกล้เคียง
    ผู้แต่ง [มนต์ภวัน]

    หัวเรื่อง [นวนิยาย]

BibComment


ยังไม่เคยถูกคอมเมนท์

คอมเมนท์ทรัพยากรรายการนี้
  คอมเมนท์: ดวงใจเหมรัฐ มนต์..


 Copyright 2026. Bcnsprnw @Library